Statistics for 2010 FIFA World Cup - All Goalscorers

Click here to take the quiz!

General Stats

  • This quiz has been taken 83 times
  • The average score is 39 of 98

Answer Stats

HintAnswer% Correct
5 GoalsGermanyThomas Müller
97%
5 GoalsSpainDavid Villa
95%
3 GoalsUruguayLuis Suárez
95%
5 GoalsUruguayDiego Forlán
94%
2 GoalsNetherlandsArjen Robben
91%
4 GoalsGermanyMiroslav Klose
91%
1 GoalPortugalCristiano Ronaldo
89%
2 GoalsSpainAndrés Iniesta
88%
5 GoalsNetherlandsWesley Sneijder
88%
1 GoalNetherlandsRobin van Persie
78%
1 GoalUruguayEdinson Cavani
77%
3 GoalsUSALandon Donovan
77%
3 GoalsGhanaAsamoah Gyan
75%
2 GoalsCameroonSamuel Eto'o
75%
1 GoalIvory CoastDidier Drogba
73%
4 GoalsArgentinaGonzalo Higuain
73%
1 GoalUSAClint Dempsey
72%
1 GoalEnglandSteven Gerrard
72%
2 GoalsMexicoJavier Hernández
70%
1 GoalAustraliaTim Cahill
70%
1 GoalGermanyMesut Özil
69%
2 GoalsJapanKeisuke Honda
66%
1 GoalSouth KoreaPark Ji-sung
66%
2 GoalsArgentinaCarlos Tevez
64%
1 GoalSouth KoreaPark Chu-young
63%
Own GoalSouth KoreaPark Chu-young
63%
1 GoalSouth AfricaSiphiwe Tshabalala
61%
2 GoalsGermanyLukas Podolski
59%
2 GoalsBrazilRobinho
59%
1 GoalSpainCarles Puyol
58%
1 GoalIvory CoastYaya Touré
58%
1 GoalGhanaKevin-Prince Boateng
47%
3 GoalsBrazilLuís Fabiano
45%
1 GoalBrazilMaicon
45%
1 GoalItalyAntonio Di Natale
44%
1 GoalNetherlandsDirk Kuyt
44%
1 GoalNetherlandsGiovanni van Bronckhorst
44%
1 GoalEnglandJermain Defoe
44%
1 GoalItalyDaniele De Rossi
41%
1 GoalItalyFabio Quagliarella
41%
1 GoalFranceFlorent Malouda
41%
1 GoalIvory CoastSalomon Kalou
41%
1 GoalGhanaSulley Muntari
41%
1 GoalArgentinaGabriel Heinze
39%
1 GoalMexicoRafael Márquez
38%
1 GoalSwitzerlandGelson Fernandes
36%
1 GoalUSAMichael Bradley
36%
4 GoalsSlovakiaRóbert Vittek
36%
1 GoalNetherlandsKlaas-Jan Huntelaar
34%
1 GoalEnglandMatthew Upson
34%
1 GoalGermanyCacau
33%
1 GoalGermanySami Khedira
33%
1 GoalMexicoCuauhtémoc Blanco
31%
1 GoalPortugalHugo Almeida
30%
1 GoalJapanYasuhito Endō
30%
2 GoalsBrazilElano
27%
1 GoalDenmarkJon Dahl Tomasson
27%
1 GoalPortugalRaul Meireles
27%
1 GoalJapanShinji Okazaki
27%
1 GoalPortugalSimão
25%
1 GoalUruguayÁlvaro Pereira
23%
1 GoalArgentinaMartín Demichelis
23%
1 GoalUruguayMaxi Pereira
23%
1 GoalDenmarkNicklas Bendtner
23%
Own GoalDenmarkDaniel Agger
22%
1 GoalBrazilJuan
20%
1 GoalPortugalLiédson
20%
1 GoalNigeriaYakubu
20%
1 GoalGermanyArne Friedrich
19%
1 GoalSouth AfricaKatlego Mphela
19%
1 GoalNew ZealandShane Smeltz
19%
1 GoalSloveniaValter Birsa
19%
1 GoalGermanyMarcell Jansen
17%
1 GoalSloveniaRobert Koren
17%
2 GoalsPortugalTiago
17%
1 GoalArgentinaMartín Palermo
16%
1 GoalIvory CoastRomaric
16%
1 GoalItalyVincenzo Iaquinta
16%
1 GoalNew ZealandWinston Reid
16%
1 GoalDenmarkDennis Rommedahl
14%
1 GoalGreeceDimitris Salpingidis
14%
1 GoalChileJean Beausejour
14%
2 GoalsNigeriaKalu Uche
14%
2 GoalsAustraliaBrett Holman
13%
1 GoalSouth AfricaBongani Khumalo
11%
2 GoalsSouth KoreaLee Chung-yong
11%
1 GoalChileMark González
11%
1 GoalSerbiaMarko Pantelić
11%
1 GoalSerbiaMilan Jovanović
11%
1 GoalParaguayAntolín Alcaraz
9%
1 GoalParaguayCristian Riveros
9%
1 GoalNorth KoreaJi Yun-nam
9%
1 GoalSlovakiaKamil Kopúnek
9%
1 GoalGreeceVasilis Torosidis
8%
1 GoalSloveniaZlatan Ljubijankić
8%
1 GoalChileRodrigo Millar
6%
1 GoalParaguayEnrique Vera
5%
2 GoalsSouth KoreaLee Jung-soo
5%

Score Distribution

Percentile by Number Answered

Percent of People with Each Score

Your Score History

You have not taken this quiz